Interakcie železanu s baktériami z prírodných zdrojov

Guardado en:
Detalles Bibliográficos
Autor principal: Fašková, Andrea (Autor)
Otros Autores: Híveš, Ján (Orientador)
Formato: Manuscrito Libro
Lenguaje:eslovaco
Publicado: 2018
Materias:
Acceso en línea:http://is.stuba.sk/zp/portal_zp.pl?podrobnosti=136461
Etiquetas: Agregar Etiqueta
Sin Etiquetas, Sea el primero en etiquetar este registro!

MARC

LEADER 00000ntm a22000003a 4500
001 stuzp69467
003 SK-STU
005 20180602211029.1
007 ta
008 150427s2015----xo-----f-mn---000-0-slo-d
040 |a STU  |b slo 
041 0 |a slo 
100 1 |a Fašková, Andrea  |u 042120  |4 aut  |U FCHPT Ústav anorganickej chémie, technológie a materiálov  |T FCHPT Oddelenie anorganickej technológie  |X 64982  |U C2120  |Y 111  |7 64982 
242 0 1 |a Iteraction of Ferrates(VI) with Bacteria from Natural Sources  |y eng 
245 1 0 |a Interakcie železanu s baktériami z prírodných zdrojov 
260 |c 2018 
650 4 |a železan  |2 slo 
650 4 |a zelený oxidant  |2 slo 
650 4 |a povrchová voda  |2 slo 
650 4 |a cyanobaktéria Anabaena flosaquae  |2 slo 
650 4 |a mikrocystín-LR  |2 slo 
650 4 |a ferrate(VI)  |2 eng 
650 4 |a green oxidant  |2 eng 
650 4 |a surface water  |2 eng 
650 4 |a cyanobacteria Anabaena flosaquae  |2 eng 
650 4 |a microcystin-LR  |2 eng 
700 1 |a Híveš, Ján  |u 042000  |k Z1  |4 ths  |U FCHPT Fakulta chemickej a potravinárskej technológie  |T FCHPT Ústav anorganickej chémie, technológie a materiálov  |X 3380  |U C2000  |Y 1  |7 A000003380 
856 4 |u http://is.stuba.sk/zp/portal_zp.pl?podrobnosti=136461